| 000 -LEADER |
| fixed length control field |
00350cam a22001097a 4500 |
| 008 - FIXED-LENGTH DATA ELEMENTS--GENERAL INFORMATION |
| fixed length control field |
180718b1965 xxu||||| |||| 00| 0 eng d |
| 082 ## - DEWEY DECIMAL CLASSIFICATION NUMBER |
| Classification number |
P422x5434 R137r |
| 245 ## - TITLE STATEMENT |
| Title |
Report on the Working of primary education |
| Statement of responsibility, etc. |
by Evalution Organisation |
| 260 ## - PUBLICATION, DISTRIBUTION, ETC. |
| Place of publication, distribution, etc. |
Jaipur |
| Name of publisher, distributor, etc. |
Evalution Organisation |
| Date of publication, distribution, etc. |
1965 |
| 300 ## - PHYSICAL DESCRIPTION |
| Extent |
48p. |
| 700 ## - ADDED ENTRY--PERSONAL NAME |
| Personal name |
Rajsthan. Evalution Organisation |